Statistiques concernant Les pays avec la meilleure cuisine

Cliquez ici pour prendre le quiz!

Statistiques générales

  • Ce quiz a été pris 1 193 fois
  • Le résultat moyen est 8 sur 10

Statistiques - réponses

ClassementPays% Correct
3France
99%
1Italie
97%
4Espagne
92%
2Chine
91%
5Japon
91%
10États-Unis
82%
9Mexique
73%
6Inde
70%
7Grèce
53%
8Thaïlande
46%

Distribution des résultats

Percentile par nombre de réponses

% des personnes avec chaque résultat

Votre développement - résultats

Vous n’avez pas pris ce quiz